| 000 | 01035 a2200253 4500 | ||
|---|---|---|---|
| 003 | Nust | ||
| 005 | 20220818105922.0 | ||
| 010 | _a 99017276 | ||
| 020 | _a0824719247 (alk. paper) | ||
| 040 | _cNust | ||
| 082 | _a621.3822,DIG | ||
| 245 | 0 | 0 |
_aDigital signal processing for multimedia systems / _cedited by Keshab K. Parhi, Takao Nishitani. |
| 260 |
_aNew York : _bM. Dekker, _cc1999. |
||
| 300 |
_axxi, 855 p. : _bill. ; _c27 cm. |
||
| 490 | 1 |
_aSignal processing ; _v1 |
|
| 505 | _aSystem Applications (Page-1), Programmable and Custom Architectures and Algorithms (Page-225), Advanced Arithmetic Architectures and Design Methodologies (Page-519), | ||
| 650 | 0 |
_aSignal processing _xDigital techniques. _955548 |
|
| 650 | 0 | _aTelecommunication engineering | |
| 700 | 1 |
_aNishitani, Takao. _997952 |
|
| 700 | 1 |
_aParhi, Keshab K., _d1959- _997953 |
|
| 830 | 0 |
_aSignal processing (Marcel Dekker, Inc.) ; _997954 |
|
| 856 | 4 | 2 |
_3Publisher description _uhttp://www.loc.gov/catdir/enhancements/fy0647/99017276-d.html |
| 942 |
_cREF _2ddc |
||
| 999 |
_c175722 _d175722 |
||